Normal view
MARC view
- Map and Photo
Entry Topical Term
001 - CONTROL NUMBER
- control field: 108104
003 - CONTROL NUMBER IDENTIFIER
- control field: NUST
005 - DATE AND TIME OF LATEST TRANSACTION
- control field: 20230130141929.0
008 - FIXED-LENGTH DATA ELEMENTS
- fixed length control field: 230130|| aca||aabn | a|a d
040 ## - CATALOGING SOURCE
- Original cataloging agency: NUST
- Transcribing agency: NUST
150 ## - HEADING--TOPICAL TERM
- Topical term or geographic name entry element: Map and Photo
670 ## - SOURCE DATA FOUND
- Source citation: Work cat.: (NUST)187068: Birch T. W 108103, Map and photo reading /
